La république numérique / (Record no. 48867)

MARC details
000 -LEADER
campo de control de longitud fija 01105cam a2200361 a 4500
001 - NÚMERO DE CONTROL
campo de control 78567
005 - FECHA Y HORA DE LA ÚLTIMA TRANSACCIÓN
campo de control 20230410115831.0
008 - DATOS DE LONGITUD FIJA--INFORMACIÓN GENERAL
campo de control de longitud fija 081030s2008 fr 000 0 fre
010 ## - NÚMERO DE CONTROL DE LA BIBLIOTECA DEL CONGRESO
Número de control de LC 2008506091
035 ## - NÚMERO DE CONTROL DEL SISTEMA
Número de control de sistema (OCoLC)ocn269436943
040 ## - FUENTE DE CATALOGACIÓN
Centro catalogador/agencia de origen DLC
Centro/agencia transcriptor DLC
Centro/agencia modificador TZT
-- AUXAM
-- MUQ
020 ## - NÚMERO INTERNACIONAL ESTÁNDAR DEL LIBRO
Número Internacional Estándar del Libro 9782246748014
020 ## - NÚMERO INTERNACIONAL ESTÁNDAR DEL LIBRO
Número Internacional Estándar del Libro 2246748011
029 1# - OTRO NÚMERO DE CONTROL DE SISTEMA (OCLC)
Identificador de la biblioteca OCLC TZT
Número de control de sistema JTL00235137
029 1# - OTRO NÚMERO DE CONTROL DE SISTEMA (OCLC)
Identificador de la biblioteca OCLC AUXAM
Número de control de sistema AAL0430543-0001
035 ## - NÚMERO DE CONTROL DEL SISTEMA
Número de control de sistema (OCoLC)269436943
050 14 - SIGNATURA TOPOGRÁFICA DE LA BIBLIOTECA DEL CONGRESO
Número de clasificación HM851
Número de ítem .B48 2008
072 #7 - CÓDIGO DE CATEGORÍA DE MATERIA
Código de categoría de materia HE
Fuente lcco
082 14 - NÚMERO DE LA CLASIFICACIÓN DECIMAL DEWEY
Número de clasificación 380
Número de edición 1
100 1# - ENTRADA PRINCIPAL--NOMBRE DE PERSONA
Nombre de persona Besson, âEric,
Fechas asociadas al nombre 1958-
245 13 - MENCIÓN DEL TÍTULO
Título La république numérique /
Mención de responsabilidad, etc. Eric Besson.
260 ## - PUBLICACIÓN, DISTRIBUCIÓN, ETC.
Lugar de publicación, distribución, etc. Paris :
Nombre del editor, distribuidor, etc. Grasset,
Fecha de publicación, distribución, etc. c2008.
300 ## - DESCRIPCIÓN FÍSICA
Extensión 91 p. ;
Dimensiones 18 cm.
650 #0 - PUNTO DE ACCESO ADICIONAL DE MATERIA--TÉRMINO DE MATERIA
Término de materia o nombre geográfico como elemento de entrada Internet
Subdivisión general Social aspects.
653 ## - TÉRMINO DE INDIZACIÓN--NO CONTROLADO
Término no controlado Essay On Numerical Revolution - Internet - Sociology.
650 #6 - PUNTO DE ACCESO ADICIONAL DE MATERIA--TÉRMINO DE MATERIA
Término de materia o nombre geográfico como elemento de entrada Société informatisé
650 #6 - PUNTO DE ACCESO ADICIONAL DE MATERIA--TÉRMINO DE MATERIA
Término de materia o nombre geográfico como elemento de entrada Internet
Subdivisión general Aspect social.
650 #6 - PUNTO DE ACCESO ADICIONAL DE MATERIA--TÉRMINO DE MATERIA
Término de materia o nombre geográfico como elemento de entrada Internet
Subdivisión general Aspect politique.
938 ## -
-- Jean Touzot Libraire Editeur
-- TOUZ
-- JTL00235137
-- 9 EUR
938 ## -
-- Aux Amateurs de Livres
-- AUXA
-- AAL0430543-0001
-- 9,00 EUR
942 ## - ELEMENTOS DE ENTRADA SECUNDARIOS (KOHA)
Fuente del sistema de clasificación o colocación Clasificación de Library of Congress
Tipo de ítem Koha
994 ## -
-- C0
-- DRFGD
Holdings
Estatus retirado Estado de pérdida Fuente del sistema de clasificación o colocación Estado de daño No para préstamo Colección Biblioteca de origen Biblioteca actual Ubicación en estantería Fecha de adquisición Serial enumeration / chronology Signatura topográfica completa Código de barras Visto por última vez Copia número Tipo de ítem Koha
    Clasificación de Library of Congress     Ciencias Sociales Biblioteca Juan Bosch Biblioteca Juan Bosch Ciencias Sociales (3er. Piso) 10/04/2023 3 HM851 .B48 2008 00000046088 24/10/2018 1